000 00576nam a2200229Ia 4500
003 OSt
005 20220927110342.0
006 a|||||r|||| 00| 0
007 ta
008 220926b |||||||| |||| 00| 0 eng d
024 _a59217
037 _cReports
040 _aRTL
_cRTL
_beng
041 _2eng
_aeng
082 _a"X6291.1r, K4"
245 0 _aANNUAL REPORT Bank for internaitonal settlements
260 _c1964
500 _aIV per year; V1-;1929
650 _aSavings Bank
_9353645
942 _h"X6291.1r, K4"
_cCC
999 _c695715
_d695715